| 000 | 01063cam a2200325 4500 | ||
|---|---|---|---|
| 001 | B3407 | ||
| 008 | 090401t1990 xxu||||| |||| 00| 0 eng d | ||
| 035 | _a(Sirsi) u55881 | ||
| 041 | _aeng | ||
| 050 | _a690.2 | ||
| 090 | _aRICS 1990/84ABC | ||
| 110 |
_aRoyal Institution of Chartered Surveyors _bBuilding Surveyors Division _94964 |
||
| 245 | 4 | _aThe members` conference. Birmingham Metropole 18-20 October 1990 | |
| 260 |
_aLondon _bRICS _c1990 |
||
| 300 | _a5 papers ; 30cm. | ||
| 350 | _a0 | ||
| 520 | _aPapers: - Finn, M., Heskett, R., Kronenberg, J., Mika, S. and Watts, T. with Johnson, S. | ||
| 650 | _aANNUAL CONFERENCE 1990 | ||
| 650 | _aBUILT ENVIRONMENT-BUILDING INSPECTION | ||
| 650 | _aCOMPUTERS | ||
| 650 | _aDEVELOPMENT MONITORING | ||
| 650 |
_aEnvironment _96238 |
||
| 650 | _aGREENHOUSE EFFECT | ||
| 650 | _aMANAGEMENT-BUSINESS MANAGEMENT-INFORMATION MANAGEMENT | ||
| 650 | _aINSTITUTION AND COLLEGE CONFERENCES | ||
| 650 | _aMEMBERS CONFERENCE 1990 | ||
| 650 | _aWATTS AND PARTNERS | ||
| 942 | _n0 | ||
| 948 | _c04/03/1997 | ||
| 999 |
_c93667 _d93667 |
||